| 000 | 00552nam a2200193Ia 4500 | ||
|---|---|---|---|
| 008 | 220216s9999 xx 000 0 und d | ||
| 100 | _aThomann C E | ||
| 245 | 0 | _aComparison of RFLP and RAPD markers for estimating genetic relationships within and among cruciferous species | |
| 260 |
_bTheoretical and Applied Genetics _c1994 |
||
| 300 | _a973-980 | ||
| 650 | _aGenetic relationship | ||
| 650 | _aRAPD | ||
| 650 | _aRFLP | ||
| 700 | _aCamargo L E A | ||
| 700 | _aFerreira M E | ||
| 700 | _aOsborn T C | ||
| 700 | _aTivang J G | ||
| 942 | _cJS | ||
| 999 |
_c56019 _d56019 |
||